000 00865nam a2200241Ia 4500
003 OSt
005 20220926022208.0
006 a|||||r|||| 00| 0
007 ta
008 220923b |||||||| |||| 00| 0 eng d
037 _cGeneral Book
040 _aRTL
_cRTL
_beng
041 _2eng
_aeng
082 _aX:76:(B):5.N83, M3/UN
110 _aUNITED NATIONS, INTERNATIONAL ECONOMIC AND SOCIAL AFFAIRS (Departments of--)
_9326102
245 0 _aPrice and quality measurement in external trade
_b Two studies of National practice.
260 _aNew York
_bUnited Nations
_c1983
300 _av,108p.
_ccm.
500 _aStatistical papers series M., no. 76
700 _aUNITED NATIONS, INTERNATIONAL ECONOMIC AND SOCIAL AFFAIRS (Departments of--)
_9326103
942 _hX:76:(B):5.N83, M3/UN
_cGB
_2CC
999 _c638811
_d638811